000 00636nam a22002177a 4500
005 20221126114442.0
008 221109b ||||| |||| 00| 0 eng d
040 _cAL
041 _aeng
082 _223
_a328.542
_bLOKL
100 _aLok Sabha Secretariat
_963902
100 _963901
245 _aLok sabha debates:
_bSeventh session Vol 21 No 1
260 _aNew Delhi
_bLok Sabha Secretariat
_c1981
300 _aiv,1552p.
_bHB
_c23x15cm.
365 _2Political Science
440 _aSeventh series:
_961548
_nVol 21 No.1
650 _aDebates Parliament
_961549
700 _aLOK SABHA SECRETARIAT
_961550
942 _2ddc
_cGF
999 _c225355
_d225355